| 000 | 01017 am a2200289Ka 4500 | ||
|---|---|---|---|
| 001 | 200448431 | ||
| 003 | TR-AnTOB | ||
| 005 | 20251226161150.0 | ||
| 008 | 200826s2020 tu 000 0 tur d | ||
| 022 | _a2458-8202 | ||
| 040 |
_aCANKA _beng _erda _cCANKA _dTR-AnTOB |
||
| 041 | _atur | ||
| 050 | 1 | 4 | _aKKX442 |
| 090 |
_aKKX442 _bA77 2020 |
||
| 245 | 0 | 0 |
_aArş. Gör. Ceren Damar Şenel armağanı : _bÇankaya Üniversitesi Hukuk Fakültesi Dergisi Cilt: 5, Sayı: 1, (özel sayı) Yıl: Nisan 2020 / _ceditör: Feriha Bilge Tanrıbilir. |
| 246 | 2 | 0 | _aCeren Damar Şenel armağanı |
| 264 | 1 |
_aAnkara : _bÇankaya Üniversitesi, _c2020. |
|
| 300 |
_a3 volumes ; _c25 cm. |
||
| 336 |
_atext _btxt _2rdacontent |
||
| 337 |
_aunmediated _bn _2rdamedia |
||
| 338 |
_avolume _bnc _2rdacarrier |
||
| 600 | 1 | 0 |
_aŞenel, Ceren Damar, _d1992-2019 _9151326 |
| 700 |
_998141 _aTanrıbilir, Feriha Bilge _eeditor |
||
| 710 | 2 |
_955317 _aÇankaya Üniversitesi |
|
| 942 |
_2lcc _cBK |
||
| 999 |
_c200448431 _d66643 |
||